| 000 | 00802nam a22002177a 4500 | ||
|---|---|---|---|
| 005 | 20100819143348.0 | ||
| 010 | _aENG-100955 | ||
| 020 |
_a8177354280 _c75.00 |
||
| 035 | _aEN-84488 | ||
| 037 | _bDBAD/PUB | ||
| 082 | _a338.9 | ||
| 100 |
_aSaravanakumar, M. _915209 |
||
| 245 |
_aFive years planning of economic developments in India / _cby M. Saravanakumar |
||
| 260 |
_aChennai _bPavai Publications _c2008 |
||
| 270 |
_a142, Jani Jan Khan Road, Royapettah _bChennai _e6000014 |
||
| 300 |
_avi,160p. _c21cm (pbk) |
||
| 500 | _aincludes bibliographical references | ||
| 650 |
_aEconomic Development _91374 |
||
| 942 |
_2ddc _cEN _h338.9 _mSAR |
||
| 999 |
_c42557 _d42557 |
||